• 首页
  • 本馆介绍
  • 公告通知
  • 最新文献
  • 馆藏检索
  • 电子资源
  • 读者导购
  • 参考咨询
  • 我的图书馆
  • 登录
  • 详细信息显示
  • 放入我的书架
  • 预约/预借图书
  • 作者相关作品
  • 分类相关作品
  • 丛书相关作品
  • 出版社相关作品

书目信息

  • 表格格式
  • 工作单格式
  • 卡片格式
题名:
西方新闻界的竞争
    
 
作者: 霍恩伯格 , Hohenberg 著 ;魏国强 , 陈进军 , 周力非 , 鲍广仁 译
分册:  
出版信息: 北京   新华出版社  1985
页数: 635页
开本: 19cm
丛书名:
单 册:
中图分类: G219.1 , G219.13
科图分类:
主题词: 新闻界--西方国家 , 新闻工作-文化史--西方国家 , 文化史-新闻工作--西方国家 , 新闻学 , 新闻工作
电子资源:
ISBN:
000 01147nam0 2200385 45
001 0185002987
005 20040427110121.3
010    @dCNY2.50
091    @a7203.109
100    @a19931020d1985 ekmy0chiy0121 ea
101 1  @achi@ceng
102    @aCN@b110000
105    @ay z 000yy
106    @ar
200 10 @a西方新闻界的竞争@Axi fang xin wen jie de jing zheng@f(美)霍恩伯格(Hohenberg,J.)著@g魏国强等译
210    @a北京@c新华出版社@d1985
215    @a635页@d19cm
300    @a书名原文:The great reporters and their time
510 1  @aThe great reporters and their time
606    @a新闻界@y西方国家
606    @a新闻工作-文化史@y西方国家
606    @a文化史-新闻工作@y西方国家
606 0  @a新闻学
606 0  @a新闻工作
690    @aG219.1@v3
690    @aG219.13
701  1 @a霍恩伯格@Ahuo en bo ge@bJ.@4著
701 A1 @aHohenberg@bJ.@4著
702  0 @a魏国强@Awei guo qiang@4译
702  0 @a陈进军@Achen jin jun@4译
702  0 @a周力非@Azhou li fei@4译
702  0 @a鲍广仁@Abao guang ren@4译
801  0 @aCN@b深圳图书馆@c20040427
801  2 @aCN@bNLC@c20040427
905    @f4@b139830-833@dG219.13@e42
    
    西方新闻界的竞争/(美)霍恩伯格(Hohenberg,J.)著/魏国强等译.-北京:新华出版社,1985
    635页;19cm
    书名原文:The great reporters and their time
    
    ISBN :CNY2.50
    
●
相关链接 在E读中查询图书 在五车中查询图书 在当当中查询图书 在豆瓣中查询图书


正题名:西方新闻界的竞争     索取号:G219.13/42         预约/预借

序号 登录号 条形码 馆藏地/架位号 状态 备注
1 0139830   000495440   密集书库/ [索取号:G219.13/42] 在馆    
2 0139831   000495413   密集书库/ [索取号:G219.13/42] 在馆    
3 0139832   000495422   密集书库/ [索取号:G219.13/42] 在馆    
4 0139833   000495431   密集书库/ [索取号:G219.13/42] 在馆    
5 0139834   000495459   第一样本阅览室/ [索取号:G219.13/42] 在馆    
唐山师范学院图书馆 欢迎您!
大连网信软件有限公司© 版权所有